Integrating Management Systems, Food Safety, Quality and Sustainability

Đã lưu trong:
Chi tiết về thư mục
Tác giả khác: YouTube
Định dạng: Sách
Ngôn ngữ:Tiếng Anh
Những chủ đề:
Truy cập trực tuyến:Integrating Management Systems, Food Safety, Quality and Sustainability
Các nhãn: Thêm thẻ
Không có thẻ, Là người đầu tiên thẻ bản ghi này!

MARC

LEADER 00000nam a22000004a 4500
001 vpro12246
005 20201223000000.0
008 171219s2017 ck # g## #001 0#eng#d
020
022
040 |a CO-BoINGC 
041 0 |a eng 
245 1 0 |a Integrating Management Systems, Food Safety, Quality and Sustainability 
246 |a Integrando sistemas de gestin̤, seguridad alimentaria, calidad y sostenibilidad 
264 |a Bogot ̀(Colombia) :  |b Revista VirtualPRO,  |c 2017 
520 3
650 \ \ |a Calidad de los alimentos 
650 \ \ |a Alimentos 
650 \ \ |a Food quality 
650 \ \ |a Food 
650 \ \ |a alimentos 
650 \ \ |a industria de alimentos 
650 \ \ |a calidad de alimentos 
650 \ \ |a foods 
650 \ \ |a food industry 
650 \ \ |a food quality  
700 \ \ |a YouTube 
856 |z Integrating Management Systems, Food Safety, Quality and Sustainability  |u https://virtualpro.unach.elogim.com/biblioteca/integrando-sistemas-de-gestion-seguridad-alimentaria-calidad-y-sostenibilidad